Emperadores Romanos (27 a.C. al 1453 d.C.) - Estadísticas

Estadísticas generales
  • Esta prueba ha sido intentada 1.353 veces
    1.341 desde el último reinicio
  • La puntuación promedio es 103 de 181
Estadísticas de respuestas
Reinado Emperador % Correcto
Julio-Claudia 27aC-14 Augusto
94%
Julio-Claudia 54-68 Nerón
91%
Julio-Claudia 37-41 Calígula
89%
Tetrarquía y Constantiniana 307-337 Constantino I el Grande
88%
Tetrarquía y Constantiniana 337-340 Constantino II
88%
Heracliana 641 Constantino III
88%
Heracliana 668-685 Constantino IV
88%
Macedonia 1042-1055 Constantino IX
88%
Láscaris 1204 Constantino Láscaris
88%
Isáurica 741 Constantino V
88%
Isáurica 743-775 Constantino V
88%
Isáurica 780-797 Constantino VI
88%
Macedonia 913-959 Constantino VII
88%
Macedonia 1025-1028 Constantino VIII
88%
Ducas-Comnenos 1059-1067 Constantino X Ducas
88%
Paleólogos y Cantacucenos 1448-1453 Constantino XI Paleólogo
88%
Julio-Claudia 41-54 Claudio
87%
Iliria 268-270 Claudio II el Gótico
87%
Antonina 117-138 Adriano
86%
Antonina 98-117 Trajano
85%
Julio-Claudia 14-37 Tiberio
84%
Justiniana 578-582 Tiberio II Constantino
84%
Heracliana 698-705 Tiberio III
84%
Antonina 161-180 Marco Aurelio
82%
Antonina 177-192 Cómodo
78%
Imperio de Occidente 474-480 Julio Nepote
78%
Teodosiana 379-395 Teodosio I
77%
Imperio de Oriente 408-450 Teodosio II
77%
Sin dinastía 3 715-717 Teodosio III
77%
Flavia 79-81 Tito
77%
Flavia 69-79 Vespasiano
76%
Justiniana 527-565 Justiniano I el Grande
75%
Heracliana 685-695 Justiniano II
75%
Heracliana 705-711 Justiniano II
75%
Severa 198-217 Caracalla
73%
Sin dinastía 1 68-69 Galba
72%
Antonina 96-98 Nerva
72%
Macedonia 912-913 Alejandro III
71%
Severa 222-235 Alejandro Severo
71%
Antonina 138-161 Antonino Pío
71%
Tetrarquía y Constantiniana 284-305 Diocleciano
70%
Flavia 81-96 Domiciano
70%
Sin dinastía 1 69 Otón
69%
Valentiniana 364-375 Valentiniano I
68%
Valentiniana 375-392 Valentiniano II
68%
Imperio de Occidente 425-455 Valentiniano III
68%
Severa 218-222 Heliogábalo
67%
Tetrarquía y Constantiniana 306-307 Severo II
66%
Tetrarquía y Constantiniana 305-306 Constancio I Cloro
65%
Tetrarquía y Constantiniana 337-361 Constancio II
65%
Imperio de Occidente 421 Constancio III
65%
Severa 193 Didio Juliano
65%
Severa 193-211 Septimio Severo
65%
Valentiniana 364-378 Valente
64%
Sin dinastía 1 69 Vitelio
64%
Tetrarquía y Constantiniana 337-350 Constante
63%
Heracliana 641-668 Constante II
63%
Teodosiana 393-395 Honorio
63%
Imperio de Occidente 395-423 Honorio
63%
Justiniana 518-527 Justino I
61%
Justiniana 565-578 Justino II
61%
Severa 193 Pertinax
61%
Teodosiana 383-395 Arcadio
60%
Imperio de Oriente 395-408 Arcadio
60%
Tetrarquía y Constantiniana 360-363 Juliano
60%
Severa 209-211 Geta
59%
Imperio de Occidente 423-425 Juan
59%
Comnenos 1118-1143 Juan II Comneno
59%
Láscaris 1222-1254 Juan III Ducas Vatatzés
59%
Macedonia 969-976 Juan I Tzimisces
59%
Láscaris 1258-1261 Juan IV Ducas Láscaris
59%
Paleólogos y Cantacucenos 1347-1354 Juan VI Cantacuceno
59%
Paleólogos y Cantacucenos 1425-1448 Juan VIII Paleólogo
59%
Paleólogos y Cantacucenos 1390 Juan VII Paleólogo
59%
Paleólogos y Cantacucenos 1341-1347 Juan V Paleólogo
59%
Paleólogos y Cantacucenos 1354-1376 Juan V Paleólogo
59%
Paleólogos y Cantacucenos 1379-1390 Juan V Paleólogo
59%
Paleólogos y Cantacucenos 1390-1391 Juan V Paleólogo
59%
Crisis del siglo III 244-249 Filipo I el Árabe
58%
Crisis del siglo III 247-249 Filipo II el Joven
58%
Antonina 161-169 Lucio Vero
58%
Tetrarquía y Constantiniana 310-313 Maximino Daya
58%
Crisis del siglo III 235-238 Maximino el Tracio
58%
Severa 217-218 Macrino
57%
Sin dinastía 4 811-813 Miguel I
57%
Frigia 820-829 Miguel II
57%
Frigia 842-867 Miguel III
57%
Macedonia 1034-1041 Miguel IV
57%
Paleólogos y Cantacucenos 1294-1320 Miguel IX Paleólogo
57%
Macedonia 1041-1042 Miguel V
57%
Sin dinastía 5 1056-1057 Miguel VI
57%
Ducas-Comnenos 1067-1078 Miguel VII Ducas
57%
Paleólogos y Cantacucenos 1259-1282 Miguel VIII Paleólogo
57%
Imperio de Occidente 475-476 Rómulo Augústulo
57%
Crisis del siglo III 238 Gordiano I
56%
Crisis del siglo III 238 Gordiano II
56%
Crisis del siglo III 238-244 Gordiano III
56%
Iliria 270-275 Aureliano
55%
Tetrarquía y Constantiniana 306-312 Majencio
55%
Heracliana 610-641 Heraclio
53%
Heracliana 641 Heraclio II
53%
Isáurica 797-802 Irene
53%
Comnenos 1081-1118 Alejo I Comneno
52%
Comnenos 1180-1183 Alejo II Comneno
52%
Ángelos 1195-1203 Alejo III Ángelo
52%
Ángelos 1203-1204 Alejo IV Ángelo
52%
Ángelos 1204 Alejo V Ducas
52%
Crisis del siglo III 249-251 Decio
52%
Tracia 457-474 León I
52%
Tracia 474 León II
52%
Isáurica 717-741 León III
52%
Isáurica 775-780 León IV
52%
Sin dinastía 4 813-820 León V
52%
Macedonia 886-912 León VI
52%
Tetrarquía y Constantiniana 286-305 Maximiano
52%
Tetrarquía y Constantiniana 306-308 Maximiano
52%
Tetrarquía y Constantiniana 310 Maximiano
52%
Sin dinastía 2 602-610 Focas
49%
Láscaris 1254-1258 Teodoro II Láscaris
49%
Láscaris 1204-1222 Teodoro I Láscaris
49%
Crisis del siglo III 253-260 Valeriano
49%
Iliria 282-283 Caro
48%
Comnenos 1143-1180 Manuel I Comneno
48%
Paleólogos y Cantacucenos 1391-1425 Manuel II Paleólogo
48%
Iliria 283-285 Carino
47%
Macedonia 1055-1056 Teodora
47%
Tetrarquía y Constantiniana 305-311 Galerio
46%
Macedonia 867-886 Basilio I
45%
Macedonia 976-1025 Basilio II
45%
Crisis del siglo III 253-268 Galieno
43%
Tetrarquía y Constantiniana 363-364 Joviano
43%
Justiniana 582-602 Mauricio Tiberio
43%
Macedonia 920-944 Romano I
42%
Macedonia 959-963 Romano II
42%
Macedonia 1028-1034 Romano III
42%
Ducas-Comnenos 1067-1071 Romano IV
42%
Crisis del siglo III 238 Balbino
41%
Ducas-Comnenos 1057-1059 Isaac I Comneno
41%
Ángelos 1185-1195 Isaac II Ángelo
41%
Ángelos 1203-1204 Isaac II Ángelo
41%
Iliria 283-284 Numeriano
41%
Iliria 275-276 Tácito
41%
Crisis del siglo III 251-253 Treboniano Galo
41%
Tetrarquía y Constantiniana 308-324 Licinio
40%
Imperio de Oriente 450-457 Marciano
40%
Iliria 276-282 Probo
40%
Crisis del siglo III 251 Hostiliano
39%
Sin dinastía 4 802-811 Nicéforo I
39%
Macedonia 963-969 Nicéforo II
39%
Sin dinastía 6 1078-1081 Nicéforo III
39%
Comnenos 1183-1185 Andrónico I Comneno
38%
Paleólogos y Cantacucenos 1328-1341 Andrónico III Paleólogo
38%
Paleólogos y Cantacucenos 1282-1328 Andrónico II Paleólogo
38%
Paleólogos y Cantacucenos 1376-1379 Andrónico IV Paleólogo
38%
Imperio de Occidente 455-456 Avito
38%
Crisis del siglo III 238 Pupieno Máximo
38%
Crisis del siglo III 253 Emiliano
37%
Iliria 276 Floriano
36%
Heracliana 695-698 Leoncio II
36%
Tracia 475-476 Basilisco
35%
Imperio de Occidente 473-474 Glicerio
35%
Valentiniana 367-383 Graciano
35%
Tetrarquía y Constantiniana 350-353 Magnencio
35%
Crisis del siglo III 251-253 Volusiano
35%
Tracia 474-491 Zenón I
35%
Imperio de Occidente 461-465 Libio Severo
34%
Imperio de Occidente 457-461 Mayoriano
34%
Valentiniana 392-394 Eugenio
33%
Tracia 491-518 Anastasio I
32%
Sin dinastía 3 713-715 Anastasio II
32%
Iliria 270 Quintilio
31%
Ángelos 1204 Nicolás Kanabos
30%
Imperio de Occidente 472 Olibrio
30%
Sin dinastía 3 711-713 Filípico
29%
Crisis del siglo III 251 Herenio
29%
Valentiniana 383-388 Magno Clemencio Máximo
29%
Frigia 829-842 Teófilo
29%
Imperio de Occidente 455 Petronio Máximo
28%
Imperio de Occidente 467-472 Antemio
27%
Isáurica 741-743 Artabasdo
27%
Sin dinastía 4 811 Estauracio
25%
No se encontraron pruebas coincidentes
Distribución de puntuación
Porcentaje de gente con cada puntuación
Porcentaje por número respondido
Historial de tus puntuaciones
No has intentado esta prueba desde el último reinicio